000 00474nam a2200181Ia 4500
001 25330
005 20260414151142.0
008 260414t1987||||xx |||||||||||||| ||spa||
041 _aESP
082 _a346.5
_bA72 T. 1 1987
100 _aArias Schreiber Pezet, Max
_eAUT
245 0 _aExégesis código civil peruano de 1984 :
_bTomo 1: Contratos parte general
260 _c1987
300 _a
_c23 cm.
650 _aDER
654 _aCDE
942 _cLIB
_dJUS
_fJUS
_2ddc
_n
999 _c25330
_d25330